Most Points For Each Day Of The 2017-18 NBA Regular Season - Statistics

General Stats
  • This quiz has been taken 20 times
  • The average score is 27 of 53
Answer Stats
Team Player Days Led % Correct
Houston Rockets James Harden 18
100%
Cleveland Cavaliers LeBron James 11
100%
Oklahoma City Thunder Russell Westbrook 10
100%
Golden State Warriors Stephen Curry 5
100%
Milwaukee Bucks Giannis Antetokounmpo 9
95%
Golden State Warriors Klay Thompson 2
95%
Phoenix Suns Devin Booker 8
90%
Golden State Warriors Kevin Durant 6
90%
New Orleans Pelicans Anthony Davis 11
85%
Denver Nuggets Nikola Jokić 2
85%
Portland Trail Blazers Damian Lillard 11
80%
Minnesota Timberwolves Karl-Anthony Towns 5
80%
Charlotte Hornets Kemba Walker 5
80%
Oklahoma City Thunder Paul George 6
80%
New Orleans Pelicans DeMarcus Cousins 5
75%
Cleveland Cavaliers Kevin Love 2
75%
Toronto Raptors Kyle Lowry 1
75%
Boston Celtics Kyrie Irving 4
75%
Washington Wizards Bradley Beal 3
70%
Utah Jazz Donovan Mitchell 1
70%
Orlando Magic Aaron Gordon 3
65%
Toronto Raptors DeMar DeRozan 7
65%
Houston Rockets Eric Gordon 1
65%
Philadelphia 76ers Joel Embiid 3
65%
Milwaukee Bucks Khris Middleton 2
65%
New York Knicks Kristaps Porzingis 1
60%
Portland Trail Blazers CJ McCollum 3
55%
Minnesota Timberwolves Jimmy Butler 2
55%
Orlando Magic Nikola Vučević 1
55%
Brooklyn Nets D'Angelo Russell 1
50%
Los Angeles Clippers Lou Williams 4
50%
Charlotte Hornets Dwight Howard 1
35%
San Antonio Spurs LaMarcus Aldridge 4
35%
Indiana Pacers Victor Oladipo 4
35%
Milwaukee Bucks Eric Bledsoe 1
25%
Denver Nuggets Gary Harris 2
25%
Milwaukee Bucks Jabari Parker 1
25%
Los Angeles Lakers Jordan Clarkson 1
25%
New York Knicks Tim Hardaway Jr. 1
25%
Los Angeles Lakers Kyle Kuzma 3
20%
Denver Nuggets Will Barton 1
20%
Miami Heat Goran Dragic 1
15%
Brooklyn Nets Allen Crabbe 1
10%
Phoenix Suns Alec Peters 1
5%
New York Knicks Enes Kanter 1
5%
New Orleans Pelicans E'Twaun Moore 1
5%
Phoenix Suns T.J. Warren 1
5%
New York Knicks Trey Burke 1
5%
Los Angeles Clippers Austin Rivers 1
0%
Sacramento Kings Garrett Temple 1
0%
Orlando Magic Mario Hezonja 1
0%
New York Knicks Michael Beasley 1
0%
Utah Jazz Rodney Hood 1
0%
No matching quizzes found
Score Distribution
Percent of People with Each Score
Percentile by Number Answered
Your Score History
You have not taken this quiz